Les économies numériques et collaboratives, des opportunités nouvelles de refonte de la fiscalité locale ? (notice n° 1616263)
[ vue normale ]
| 000 -LEADER | |
|---|---|
| fixed length control field | 00673cam a2200181 4500500 |
| 005 - DATE AND TIME OF LATEST TRANSACTION | |
| control field | 20260111080412.0 |
| 041 ## - LANGUAGE CODE | |
| Language code of text/sound track or separate title | fre |
| 042 ## - AUTHENTICATION CODE | |
| Authentication code | dc |
| 100 10 - MAIN ENTRY--PERSONAL NAME | |
| Personal name | Puissant, Jordan |
| Relator term | author |
| 245 00 - TITLE STATEMENT | |
| Title | Les économies numériques et collaboratives, des opportunités nouvelles de refonte de la fiscalité locale ? |
| 260 ## - PUBLICATION, DISTRIBUTION, ETC. | |
| Date of publication, distribution, etc. | 2020.<br/> |
| 500 ## - GENERAL NOTE | |
| General note | 55 |
| 690 ## - LOCAL SUBJECT ADDED ENTRY--TOPICAL TERM (OCLC, RLIN) | |
| Topical term or geographic name as entry element | économie collaborative |
| 690 ## - LOCAL SUBJECT ADDED ENTRY--TOPICAL TERM (OCLC, RLIN) | |
| Topical term or geographic name as entry element | finances locales |
| 690 ## - LOCAL SUBJECT ADDED ENTRY--TOPICAL TERM (OCLC, RLIN) | |
| Topical term or geographic name as entry element | fiscalité du numérique |
| 786 0# - DATA SOURCE ENTRY | |
| Note | Gestion & Finances Publiques | 2 | 2 | 2020-04-29 | p. 65-70 | 1969-1009 |
| 856 41 - ELECTRONIC LOCATION AND ACCESS | |
| Uniform Resource Identifier | <a href="https://droit.cairn.info/revue-gestion-et-finances-publiques-2020-2-page-65?lang=fr&redirect-ssocas=7080">https://droit.cairn.info/revue-gestion-et-finances-publiques-2020-2-page-65?lang=fr&redirect-ssocas=7080</a> |
Pas d'exemplaire disponible.




Réseaux sociaux